000
00281nam a2200109 4500
999
_c
9701
_d
9701
003
OSt
005
20211216160157.0
008
211216b ||||| |||| 00| 0 eng d
245
_a
National building code of India 1983 city planning
260
_a
Bureau of Indian standards
942
_2
ddc